| 000 | 00985cam a22002417a 4500 | ||
|---|---|---|---|
| 001 | 15798662 | ||
| 005 | 20241215161340.0 | ||
| 008 | 090630s2009 enka b 001 0 eng d | ||
| 020 | _a9780199289073 (pbk. : acidfree paper) | ||
| 020 | _a0199289077 (pbk. : acidfree paper) | ||
| 050 | 0 | 0 |
_aQP34.5 _b.P62 2009 |
| 082 | 0 | 4 |
_a612 _222 |
| 100 | 1 | _aPocock, Gillian. | |
| 245 | 1 | 4 |
_aThe human body : _ban introduction for the biomedical and health sciences / _cGillian Pocock & Christopher D. Richards. |
| 260 |
_aOxford ; _aNew York : _bOxford University Press, _c2009. |
||
| 300 |
_axviii, 795 p. : _bill. (chiefly col.) ; _c25 cm. |
||
| 650 | 0 | _aHuman physiology. | |
| 650 | 0 | _aPhysiology, Pathological. | |
| 700 | 1 | _aRichards, Christopher D. | |
| 856 | 4 | 2 |
_3Contributor biographical information _uhttp://www.loc.gov/catdir/enhancements/fy0913/2009284753-b.html |
| 856 | 4 | 2 |
_3Publisher description _uhttp://www.loc.gov/catdir/enhancements/fy0913/2009284753-d.html |
| 942 |
_2lcc _cBK _n0 |
||
| 999 |
_c2292 _d2292 |
||